Catálogo
Digital

Catálogo
Digital

Atlas alimentario de los pueblos indígenas y afrodescendientes del Ecuador. I. La Amazonía. II. La Costa. III. La Sierra. (Record no. 14345)

MARC details
000 -CABECERA
campo de control de longitud fija 01472nam a2200337 4500
003 - IDENTIFICADOR DEL NÚMERO DE CONTROL
campo de control EC-UNACH
005 - FECHA Y HORA DE LA ÚLTIMA TRANSACCIÓN
campo de control 20260122170702.0
006 - CÓDIGOS DE INFORMACIÓN DE LONGITUD FIJA--CARACTERÍSTICAS DEL MATERIAL ADICIONAL
campo de control de longitud fija s||||gr|||| 00| 00
008 - DATOS DE LONGITUD FIJA--INFORMACIÓN GENERAL
campo de control de longitud fija 150116t9999 mx r gr 000 0 spa d
020 ## - NÚMERO INTERNACIONAL ESTÁNDAR DEL LIBRO
Número Internacional Estándar del Libro 978-9878-92-869-1
040 ## - FUENTE DE LA CATALOGACIÓN
Centro catalogador/agencia de origen EC-UNACH
Centro/agencia transcriptor EC-UNACH
041 ## - CÓDIGO DE LENGUA
Código de lengua del texto/banda sonora o título independiente spa
082 04 - NÚMERO DE LA CLASIFICACIÓN DECIMAL DEWEY
Número de edición 23
Número de clasificación 394.12
Número de documento/Ítem L018574
100 ## - ENTRADA PRINCIPAL--NOMBRE DE PERSONA
Nombre de persona Moya, Alba
245 ## - MENCIÓN DE TÍTULO
Título Atlas alimentario de los pueblos indígenas y afrodescendientes del Ecuador. I. La Amazonía. II. La Costa. III. La Sierra.
250 ## - MENCIÓN DE EDICIÓN
Mención de edición Primera edición
Resto de la mención de edición reimp. 2013
264 ## - Producción, publicación, distribución, fabricación y copyright
Lugar de producción, publicación, distribución, fabricación Ecuador
Nombre del de productor, editor, distribuidor, fabricante Ministerio de Inclusión Económica y Social. MIES
Fecha de de producción, publicación, distribución, fabricación o copyright 2013
300 ## - DESCRIPCIÓN FÍSICA
Extensión 120 páginas
Otras características físicas fot., gráf., il. tab.
Dimensiones 21 x 29,5
490 ## - MENCIÓN DE SERIE
Designación de volumen o secuencia I. AMAZONÍA - II. COSTA - III. SIERRA
505 ## - NOTA DE CONTENIDO CON FORMATO
Nota de contenido con formato I. AMAZONÍA: Los Siona.-- Los Secoya.-- Los Sápara.-- Los Napo quichuas.-- Los Quichua del Curaray.-- Los Shuar.-- Los Achuar.-- Los Cofanes.-- Los Huaorani. - II. COSTA: Los Tsáchila.-- Los Chachi.-- Los Awá.-- Los Emberá.-- Los Afro descendientes de la Costa.-- III. SIERRA: Los Quitu-Cara.-- Los Panzaleos.-- Los Purruháes.-- Los Cañaris.-- Los Paltas.-- Los Saraguros.-- Los Afrodescendientes del Chota y Mira.
650 ## - PUNTO DE ACCESO ADICIONAL DE MATERIA--TÉRMINO DE MATERIA
Término de materia o nombre geográfico como elemento inicial CULTURA
650 ## - PUNTO DE ACCESO ADICIONAL DE MATERIA--TÉRMINO DE MATERIA
Término de materia o nombre geográfico como elemento inicial COMIDAS Y BANQUETES
650 ## - PUNTO DE ACCESO ADICIONAL DE MATERIA--TÉRMINO DE MATERIA
Término de materia o nombre geográfico como elemento inicial ALIMENTOS
942 ## - ELEMENTOS DE PUNTO DE ACCESO ADICIONAL (KOHA)
Fuente del sistema de clasificación o colocación Clasificación Decimal Dewey
Tipo de ítem Koha Libros
999 ## - NÚMEROS DE CONTROL DE SISTEMA (KOHA)
Koha biblionumber 14345
Holdings
Estado de pérdida Fuente del sistema de clasificación o colocación Estado dañado No para préstamo Localización permanente Ubicación/localización actual Ubicación en estantería Fecha de adquisición Fuente de adquisición Número de inventario Total de préstamos Signatura topográfica completa Código de barras Fecha visto por última vez Precio válido a partir de Tipo de ítem Koha Estado de retiro Centro de costos
  Clasificación Decimal Dewey     Biblioteca Campus Norte Biblioteca Campus Norte Comunicación 22/12/2025 Transitoria segunda Resolución N°0311-CU-UNACH-SE-ORD-16-09-24 39933177   394.12 MOY L018574 L018574 22/12/2025 22/12/2025 Libros    
  Clasificación Decimal Dewey     Biblioteca Campus Norte Biblioteca Campus Norte Comunicación   Transitoria segunda Resolución N°0311-CU-UNACH-SE-ORD-16-09-24 39933176   394.12 MOY L018357 L018357 22/12/2025   Libros    

Powered by Koha